<?xml version="1.0" encoding="UTF-8"?>
<collection xmlns="http://www.loc.gov/MARC21/slim">
    <record>
        <controlfield tag="001">45732</controlfield>
        <controlfield tag="005">20170831220654.0</controlfield>
        <datafield tag="037" ind1=" " ind2=" ">
            <subfield code="a">GDOC-2010-1140</subfield>
        </datafield>
        <datafield tag="041" ind1=" " ind2=" ">
            <subfield code="a">spa</subfield>
        </datafield>
        <datafield tag="100" ind1=" " ind2=" ">
            <subfield code="0">(orcid)0000-0002-9864-7683</subfield>
            <subfield code="a">García Aznar, José Manuel</subfield>
        </datafield>
        <datafield tag="245" ind1="0" ind2="0">
            <subfield code="9">66412</subfield>
            <subfield code="a">Modelos constitutivos de sólidos deformables</subfield>
        </datafield>
        <datafield tag="260" ind1=" " ind2=" ">
            <subfield code="a">Zaragoza</subfield>
            <subfield code="b">Universidad de Zaragoza</subfield>
            <subfield code="c">2010-2011</subfield>
        </datafield>
        <datafield tag="520" ind1=" " ind2=" ">
            <subfield code="a">La asignatura proporciona al estudiante los  fundamentos teóricos y prácticos de los modelos de comportamiento de Sólidos Deformables utilizadas en el modelado de problemas en el campo de la  Ingeniería Mecánica. Tiene una fcomponente teórica elevada, pero también práctica, ya que el objetivo de  la asignatura es que el estudiante sea capaz de seleccionar, entender y desarrollar el modelo de comportamiento más adecuado para cada problema, su utilización en software  comercial de elementos finitos, así como la implementación de subrutinas  de usuario.</subfield>
        </datafield>
        <datafield tag="521" ind1=" " ind2=" ">
            <subfield code="9">653</subfield>
            <subfield code="a">Máster Universitario en Mecánica Aplicada</subfield>
        </datafield>
        <datafield tag="540" ind1=" " ind2=" ">
            <subfield code="a">by-nc-sa</subfield>
            <subfield code="b">Creative Commons</subfield>
            <subfield code="c">3.0</subfield>
            <subfield code="u">http://creativecommons.org/licenses/by-nc-sa/3.0/</subfield>
        </datafield>
        <datafield tag="700" ind1=" " ind2=" ">
            <subfield code="0">(orcid)0000-0002-0664-5024</subfield>
            <subfield code="a">Peña Baquedano, Estefanía</subfield>
        </datafield>
        <datafield tag="700" ind1=" " ind2=" ">
            <subfield code="0">(orcid)0000-0002-1878-8997</subfield>
            <subfield code="a">Gómez Benito, María José</subfield>
        </datafield>
        <datafield tag="830" ind1=" " ind2=" ">
            <subfield code="9">325</subfield>
        </datafield>
        <datafield tag="856" ind1="4" ind2=" ">
            <subfield code="s">102786</subfield>
            <subfield code="u">http://zaguan.unizar.es/record/45732/files/guia.pdf</subfield>
            <subfield code="y">Guía (idioma español)</subfield>
        </datafield>
        <datafield tag="980" ind1=" " ind2=" ">
            <subfield code="a">GDOC</subfield>
            <subfield code="b">Ingeniería y Arquitectura</subfield>
            <subfield code="c">106</subfield>
        </datafield>
    </record>

    
</collection>